Integrating Strangers in Society (Record no. 259510)

MARC details
000 -LEADER
fixed length control field 00512nam a2200157Ia 4500
008 - FIXED-LENGTH DATA ELEMENTS--GENERAL INFORMATION
fixed length control field 230921s9999||||xx |||||||||||||| ||und||
020 ## - INTERNATIONAL STANDARD BOOK NUMBER
International Standard Book Number 978-3-030-16703-5
041 ## - LANGUAGE CODE
Language code of text/sound track or separate title EN
100 ## - MAIN ENTRY--PERSONAL NAME
Personal name Jos D. M. Platenkamp, Almut Schneider
245 #0 - TITLE STATEMENT
Title Integrating Strangers in Society
250 ## - EDITION STATEMENT
Edition statement 1st ed. 2019
260 ## - PUBLICATION, DISTRIBUTION, ETC.
Date of publication, distribution, etc. 2019
Name of publisher, distributor, etc. Springer International Publishing
856 ## - ELECTRONIC LOCATION AND ACCESS
Uniform Resource Identifier <a href="https://doi.org/10.1007/978-3-030-16703-5">https://doi.org/10.1007/978-3-030-16703-5</a>
856 ## - ELECTRONIC LOCATION AND ACCESS
Uniform Resource Identifier <a href="https://link.springer.com/openurl?genre=book&isbn=978-3-030-16703-5">https://link.springer.com/openurl?genre=book&isbn=978-3-030-16703-5</a>
942 ## - ADDED ENTRY ELEMENTS (KOHA)
Koha item type E-BOOKS

No items available.

© Designed and Maintained by Vivekananda Library, MDU Rohtak